<?xml version="1.0" encoding="UTF-8"?><?xml-stylesheet type="text/xsl" href="static/style.xsl"?><OAI-PMH xmlns="http://www.openarchives.org/OAI/2.0/" xmlns:xsi="http://www.w3.org/2001/XMLSchema-instance" xsi:schemaLocation="http://www.openarchives.org/OAI/2.0/ http://www.openarchives.org/OAI/2.0/OAI-PMH.xsd"><responseDate>2026-04-19T02:51:08Z</responseDate><request verb="GetRecord" identifier="oai:riubu.ubu.es:10259/5314" metadataPrefix="marc">https://riubu.ubu.es/oai/request</request><GetRecord><record><header><identifier>oai:riubu.ubu.es:10259/5314</identifier><datestamp>2022-09-09T08:14:32Z</datestamp><setSpec>com_10259.4_2543</setSpec><setSpec>com_10259_5086</setSpec><setSpec>com_10259_2604</setSpec><setSpec>col_10259.4_2544</setSpec></header><metadata><record xmlns="http://www.loc.gov/MARC21/slim" xmlns:doc="http://www.lyncode.com/xoai" xmlns:xsi="http://www.w3.org/2001/XMLSchema-instance" xmlns:dcterms="http://purl.org/dc/terms/" xsi:schemaLocation="http://www.loc.gov/MARC21/slim http://www.loc.gov/standards/marcxml/schema/MARC21slim.xsd">
<leader>00925njm 22002777a 4500</leader>
<datafield tag="042" ind1=" " ind2=" ">
<subfield code="a">dc</subfield>
</datafield>
<datafield tag="720" ind1=" " ind2=" ">
<subfield code="a">Fernández Hawrylak, María</subfield>
<subfield code="e">author</subfield>
</datafield>
<datafield tag="720" ind1=" " ind2=" ">
<subfield code="a">Heras Sevilla, Davinia</subfield>
<subfield code="e">author</subfield>
</datafield>
<datafield tag="720" ind1=" " ind2=" ">
<subfield code="a">Cepa Serrano, Amaya</subfield>
<subfield code="e">author</subfield>
</datafield>
<datafield tag="720" ind1=" " ind2=" ">
<subfield code="a">Bastida Susinos, Julia</subfield>
<subfield code="e">author</subfield>
</datafield>
<datafield tag="260" ind1=" " ind2=" ">
<subfield code="c">2017</subfield>
</datafield>
<datafield tag="520" ind1=" " ind2=" ">
<subfield code="a">La presencia de los payasos (clowns) en los hospitales, especialmente en&#xd;
el ámbito pediátrico, comienza a ser habitual, constituyendo una medida recurrente.&#xd;
Son muchos los países donde los niños reciben la actuación de los payasos durante su&#xd;
hospitalización. Sin embargo, todavía son pocos los estudios que se han dedicado a analizar&#xd;
en profundidad los beneficios que aportan estas intervenciones con los menores&#xd;
ingresados en su adaptación al contexto hospitalario y en la aceptación de la enfermedad.&#xd;
El objetivo de la investigación que se presenta es comprobar si el uso del humor como&#xd;
estrategia activa de afrontamiento de la enfermedad es eficaz en los niños oncológicos&#xd;
y sus familias. Se utilizó el estudio de casos como metodología de investigación. La&#xd;
muestra estuvo compuesta por cuatro niños/as afectados por enfermedades oncológicas,&#xd;
con edades comprendidas entre los 5 y 8 años, ingresados en el Servicio de Pediatría del&#xd;
Hospital Universitario de Burgos, alumnos del Aula Hospitalaria, y sus familias. Los&#xd;
instrumentos utilizados fueron una entrevista semiestructurada realizada a las familias, y un cuestionario diseñado ad hoc tipo Likert para los niños. Se informatizaron y codificaron&#xd;
los datos procedentes de los cuestionarios. Asimismo, se realizó una codificación&#xd;
y categorización de la información procedente de las entrevistas atendiendo a criterios&#xd;
temáticos y gramaticales. Los resultados obtenidos demuestran que el humor mejora&#xd;
la estancia del niño y de sus familiares en el hospital, haciendo que se distraigan y olviden&#xd;
temporalmente la enfermedad. Como conclusión cabría destacar que el empleo&#xd;
de humor no soluciona ningún problema en sí mismo, pero puede cambiar la forma de&#xd;
abordar la enfermedad y, por tanto, constituye una estrategia activa de afrontamiento.</subfield>
</datafield>
<datafield tag="520" ind1=" " ind2=" ">
<subfield code="a">Clowns in hospitals begin to be common, in particular in the paediatric&#xd;
sphere, becoming a recurring action. Although there are many countries in the&#xd;
world where children receive the performance of clowns during their hospital stay, yet&#xd;
few studies have been devoted to make a deep analysis of the effectiveness of hospital&#xd;
clowns interventions in the adaptation to hospitalization and in the acceptance of the&#xd;
disease. This research aims to check if the use of humour as an active disease coping&#xd;
strategy is effective in children with cancer and their families. Case study was used as&#xd;
research method. The sample consisted of four children affected with oncological diseases,&#xd;
aged between 5 and 8, hospitalized in the paediatric ward of the University Hospital&#xd;
of Burgos and attending the Hospital School, and their families. The instruments&#xd;
used were semi-structured interviews with the families, and an ad hoc designed Likert&#xd;
questionnaire for the children. Data from questionnaires were coded and analysed. The&#xd;
information from the interviews was coded and categorized according to thematic and&#xd;
grammatical criteria. The outcomes show that humour improves the hospital stay of the&#xd;
children and their relatives, gets them distracted and makes them forget their disease for&#xd;
a while. It would be highlighted, in conclusion, that the use of humour does not solve&#xd;
any problem itself, but could change the way of addressing the disease, therefore it is an&#xd;
active form of coping.</subfield>
</datafield>
<datafield tag="024" ind2=" " ind1="8">
<subfield code="a">0214-3402</subfield>
</datafield>
<datafield tag="024" ind2=" " ind1="8">
<subfield code="a">http://hdl.handle.net/10259/5314</subfield>
</datafield>
<datafield tag="024" ind2=" " ind1="8">
<subfield code="a">10.14201/aula20172391105</subfield>
</datafield>
<datafield tag="024" ind2=" " ind1="8">
<subfield code="a">2174-0925</subfield>
</datafield>
<datafield ind1=" " ind2=" " tag="653">
<subfield code="a">Humor</subfield>
</datafield>
<datafield ind1=" " ind2=" " tag="653">
<subfield code="a">Enfermedades oncológicas</subfield>
</datafield>
<datafield ind1=" " ind2=" " tag="653">
<subfield code="a">Estrategias de afrontamiento</subfield>
</datafield>
<datafield ind1=" " ind2=" " tag="653">
<subfield code="a">Payaso de hospital</subfield>
</datafield>
<datafield ind1=" " ind2=" " tag="653">
<subfield code="a">Aula hospitalaria</subfield>
</datafield>
<datafield ind1=" " ind2=" " tag="653">
<subfield code="a">Estudio de caso</subfield>
</datafield>
<datafield ind1=" " ind2=" " tag="653">
<subfield code="a">Humour</subfield>
</datafield>
<datafield ind1=" " ind2=" " tag="653">
<subfield code="a">Oncological diseases</subfield>
</datafield>
<datafield ind1=" " ind2=" " tag="653">
<subfield code="a">Coping strategies</subfield>
</datafield>
<datafield ind1=" " ind2=" " tag="653">
<subfield code="a">Hospital clown</subfield>
</datafield>
<datafield ind1=" " ind2=" " tag="653">
<subfield code="a">Hospital school</subfield>
</datafield>
<datafield ind1=" " ind2=" " tag="653">
<subfield code="a">Case study</subfield>
</datafield>
<datafield tag="245" ind1="0" ind2="0">
<subfield code="a">Uso del humor como método de intervención terapéutica en menores afectados por procesos oncológicos</subfield>
</datafield>
</record></metadata></record></GetRecord></OAI-PMH>